[Event "ISR-chT"]
[Site "Israel"]
[Date "2024.02.17"]
[Round "8.33"]
[White "Smirin, Ilia"]
[Black "Mesropov, Konstantin Eduard"]
[Result "1/2-1/2"]
[WhiteElo "2588"]
[BlackElo "2440"]
[PlyCount "67"]
[EventDate "2024.01.10"]
[EventType "team-tourn"]
[EventRounds "11"]
[EventCountry "ISR"]
[SourceTitle "CB09_2024"]
[SourceDate "2024.02.28"]
[SourceVersion "1"]
[SourceVersionDate "2024.02.28"]
[SourceQuality "1"]
[WhiteTeam "Ashdod"]
[BlackTeam "Ramat Gan Etude"]
[WhiteTeamCountry "ISR"]
[BlackTeamCountry "ISR"]

1. e4 e6 2. d4 d5 3. Nd2 c5 4. Ngf3 cxd4 5. Nxd4 Nc6 6. Bb5 Bd7 7. Nxc6 bxc6 8. Bd3 Qc7 9. Qe2 Ne7 10. b3 Ng6 11. g3 Bd6 12. f4 0-0 13. Bb2 dxe4 14. Nxe4 Bb4+ 15. c3 Be7 16. h4 h6 17. 0-0-0 f5 18. Nd2 Bf6 19. Nf3 Ne7 20. c4 c5 21. Ne5 Nc6 22. g4 Bxe5 23. fxe5 Nb4 24. Bb1 Bc6 25. gxf5 Bxh1 26. f6 Qb7 27. Qg4 Nxa2+ 28. Bxa2 Bf3 29. Qxe6+ Qf7 30. Qxf7+ Rxf7 31. e6 Rxf6 32. Re1 Rf4 33. Bb1 Bh5 34. Be4 1/2-1/2

[Event "EU-chT 24th"]
[Site "Budva"]
[Date "2023.11.20"]
[Round "9.11"]
[White "Smirin, Ilia"]
[Black "Hillarp Persson, Tiger"]
[Result "1-0"]
[WhiteElo "2578"]
[BlackElo "2502"]
[PlyCount "58"]
[EventDate "2023.11.11"]
[EventType "team-swiss"]
[EventRounds "9"]
[EventCountry "MNE"]
[SourceTitle "CB47_2023"]
[SourceDate "2023.11.22"]
[SourceVersion "1"]
[SourceVersionDate "2023.11.22"]
[SourceQuality "1"]
[WhiteTeam "Israel"]
[BlackTeam "Sweden"]
[WhiteTeamCountry "ISR"]
[BlackTeamCountry "SWE"]

1. e4 c5 2. Nf3 d6 3. Bb5+ Bd7 4. c4 e5 5. Bxd7+ Nxd7 6. Nc3 Ne7 7. d3 Nc6 8. h4 Be7 9. h5 a6 10. g4 Rb8 11. a4 Nf8 12. Nd5 Ne6 13. Kf1 b6 14. Bd2 Qd7 15. Ne3 0-0 16. Nf5 Rb7 17. g5 Ncd4 18. N3xd4 Nxd4 19. Qg4 Nxf5 20. exf5 d5 21. cxd5 Qxd5 22. Rh3 Rd8 23. f6 Bf8 24. Bc3 Qd7 25. Qf3 gxf6 26. gxf6 Bh6 27. Re1 Kh8 28. Rxe5 Rbb8 29. Re7 Qd5 1-0

[Event "EU-chT 24th"]
[Site "Budva"]
[Date "2023.11.19"]
[Round "8.10"]
[White "Bologan, Viktor"]
[Black "Smirin, Ilia"]
[Result "1-0"]
[WhiteElo "2574"]
[BlackElo "2578"]
[PlyCount "99"]
[EventDate "2023.11.11"]
[EventType "team-swiss"]
[EventRounds "9"]
[EventCountry "MNE"]
[SourceTitle "CB47_2023"]
[SourceDate "2023.11.22"]
[SourceVersion "1"]
[SourceVersionDate "2023.11.22"]
[SourceQuality "1"]
[WhiteTeam "Moldova"]
[BlackTeam "Israel"]
[WhiteTeamCountry "MDA"]
[BlackTeamCountry "ISR"]

1. e4 c5 2. Nf3 e6 3. d4 cxd4 4. Nxd4 a6 5. c4 Nf6 6. Nc3 Qc7 7. a3 b6 8. f4 Bb7 9. Bd3 d6 10. 0-0 g6 11. Qe2 Bg7 12. f5 Qe7 13. Bg5 Nbd7 14. Rad1 0-0 15. Bb1 Rac8 16. fxe6 fxe6 17. Ba2 Kh8 18. b4 h6 19. Bh4 g5 20. Bg3 Nh7 21. Rfe1 Rfe8 22. Na4 Nhf6 23. Bb1 Red8 24. Nb3 Ne8 25. Bf2 b5 26. Na5 Ne5 27. cxb5 axb5 28. Qxb5 Ba8 29. Nb6 Rc3 30. Re3 Qc7 31. Nxa8 Rxa8 32. Qe2 Rxe3 33. Bxe3 Qc3 34. Bc1 Rc8 35. Ba2 Qxc1 36. Rxc1 Rxc1+ 37. Kf2 Rc3 38. Bb1 Nf6 39. h3 g4 40. Qd2 Rxa3 41. Qxd6 gxh3 42. gxh3 Rxh3 43. Kg2 Rh5 44. Qxe6 Kh7 45. Nc6 Rg5+ 46. Kf1 Nh5 47. Nxe5 Bxe5 48. b5 Ng7 49. Qe7 Rh5 50. Bd3 1-0

[Event "EU-chT 24th"]
[Site "Budva"]
[Date "2023.11.15"]
[Round "5.3"]
[White "Kozak, Adam"]
[Black "Smirin, Ilia"]
[Result "1/2-1/2"]
[WhiteElo "2578"]
[BlackElo "2578"]
[PlyCount "100"]
[EventDate "2023.11.11"]
[EventType "team-swiss"]
[EventRounds "9"]
[EventCountry "MNE"]
[SourceTitle "CB47_2023"]
[SourceDate "2023.11.22"]
[SourceVersion "1"]
[SourceVersionDate "2023.11.22"]
[SourceQuality "1"]
[WhiteTeam "Hungary"]
[BlackTeam "Israel"]
[WhiteTeamCountry "HUN"]
[BlackTeamCountry "ISR"]

1. Nf3 Nf6 2. c4 g6 3. Nc3 Bg7 4. d4 d6 5. e4 0-0 6. Be2 e5 7. 0-0 c6 8. d5 Na6 9. Nd2 Bh6 10. Qc2 Bd7 11. Rd1 Qe7 12. dxc6 Nb4 13. Qb1 Nxc6 14. Nb3 Bxc1 15. Qxc1 Be6 16. Qe3 a5 17. Na4 Nb4 18. Rd2 Qc7 19. a3 Na6 20. f3 Nd7 21. Rad1 Nac5 22. Nbxc5 dxc5 23. Nc3 a4 24. Nb5 Qa5 25. h4 Rac8 26. h5 Qd8 27. hxg6 hxg6 28. Nd6 Rb8 29. Qh6 Qf6 30. Nb5 Rfd8 31. Rd6 Nf8 32. Qd2 Rdc8 33. Bf1 Qh4 34. Qf2 Qg5 35. Nc3 Ra8 36. Qd2 Qe7 37. Qe3 Kg7 38. f4 exf4 39. Qxf4 Nh7 40. Qe5+ Qf6 41. Qg3 Qg5 42. Qxg5 Nxg5 43. Be2 Rh8 44. Rb6 Rh4 45. Rxb7 Nxe4 46. Nxe4 Rxe4 47. Rd2 Bxc4 48. Bxc4 Rxc4 49. Rf2 Rf8 50. Rc7 Rc1+ 1/2-1/2

[Event "EU-chT 24th"]
[Site "Budva"]
[Date "2023.11.12"]
[Round "2.6"]
[White "Smirin, Ilia"]
[Black "Shirov, Alexei"]
[Result "1/2-1/2"]
[WhiteElo "2578"]
[BlackElo "2668"]
[PlyCount "61"]
[EventDate "2023.11.11"]
[EventType "team-swiss"]
[EventRounds "9"]
[EventCountry "MNE"]
[SourceTitle "CB47_2023"]
[SourceDate "2023.11.22"]
[SourceVersion "1"]
[SourceVersionDate "2023.11.22"]
[SourceQuality "1"]
[WhiteTeam "Israel"]
[BlackTeam "Spain"]
[WhiteTeamCountry "ISR"]
[BlackTeamCountry "ESP"]

1. e4 e5 2. Nf3 Nc6 3. Bb5 a6 4. Ba4 Nf6 5. 0-0 Nxe4 6. d4 b5 7. Bb3 d5 8. dxe5 Be6 9. Nbd2 Nc5 10. c3 d4 11. Bxe6 Nxe6 12. cxd4 Ncxd4 13. a4 Be7 14. Nxd4 Nxd4 15. Ne4 0-0 16. axb5 Nxb5 17. Be3 Qxd1 18. Rfxd1 f5 19. exf6 Bxf6 20. Ra2 Nd6 21. Nxf6+ Rxf6 22. Ra4 Nb5 23. h3 Re8 24. Rd7 Ree6 25. Bc5 h6 26. Rg4 Rf7 27. Rd8+ Kh7 28. Ra8 Rf5 29. Be3 Rff6 30. Kh2 Rc6 31. Ra4 1/2-1/2

[Event "Benalmadena Rapid op 1st"]
[Site "Benalmadena"]
[Date "2023.02.25"]
[Round "3"]
[White "Smirin, Ilia"]
[Black "Moral Garcia, Serafin"]
[Result "1/2-1/2"]
[WhiteElo "2592"]
[BlackElo "2241"]
[PlyCount "66"]
[EventDate "2023.02.25"]
[EventType "swiss (rapid)"]
[EventRounds "9"]
[EventCountry "ESP"]
[SourceTitle "CBM 212 Extra"]
[Source "ChessBase"]
[SourceDate "2023.03.31"]
[SourceVersion "1"]
[SourceVersionDate "2023.03.31"]
[SourceQuality "1"]

1. e4 e5 2. Nf3 Nf6 3. Nc3 Nc6 4. g3 Bc5 5. Bg2 d6 6. d3 a6 7. Be3 0-0 8. 0-0 Ng4 9. Bd2 f5 10. exf5 Bxf5 11. Ne4 Ba7 12. h3 Nf6 13. Nh4 Nxe4 14. Bxe4 Bxe4 15. dxe4 Qf6 16. Kg2 Qe6 17. Qg4 Rae8 18. c3 Nd8 19. Nf5 g6 20. Bh6 Rf7 21. Be3 Bxe3 22. Nxe3 Qxg4 23. Nxg4 Kg7 24. a4 Ne6 25. a5 Ref8 26. Ra4 Nc5 27. Rb4 h5 28. Ne3 h4 29. gxh4 Rh8 30. Kg3 Rf4 31. f3 Rfxh4 32. Rh1 Rf4 33. h4 Rf7 1/2-1/2

[Event "ISR-chT"]
[Site "Israel"]
[Date "2023.02.04"]
[Round "6.4"]
[White "Chigaev, Maksim"]
[Black "Smirin, Ilia"]
[Result "1-0"]
[WhiteElo "2632"]
[BlackElo "2596"]
[PlyCount "77"]
[EventDate "2023.01.11"]
[EventType "team-tourn"]
[EventRounds "11"]
[EventCountry "ISR"]
[SourceTitle "EXT 2024"]
[Source "ChessBase"]
[SourceDate "2023.10.10"]
[SourceVersion "1"]
[SourceVersionDate "2023.10.10"]
[SourceQuality "1"]
[WhiteTeam "Haifa Nesher"]
[BlackTeam "Ashdod"]
[WhiteTeamCountry "ISR"]
[BlackTeamCountry "ISR"]

1. e4 c5 2. Nf3 e6 3. d4 cxd4 4. Nxd4 a6 5. Bd3 Bc5 6. Nb3 Ba7 7. Bf4 d6 8. Qd2 Nf6 9. Nc3 Nc6 10. 0-0-0 e5 11. Be3 Bxe3 12. Qxe3 Be6 13. Kb1 0-0 14. g3 a5 15. Bb5 Na7 16. a4 Ng4 17. Qe2 Qb6 18. Rd2 Rfd8 19. f3 Nf6 20. Rhd1 Rac8 21. g4 Qc7 22. h4 Nc6 23. Nd5 Bxd5 24. exd5 Ne7 25. f4 Ng6 26. fxe5 Nxe5 27. g5 Nfd7 28. h5 Re8 29. Nd4 Nc4 30. Qxc4 Qxc4 31. Bxc4 Rxc4 32. Nf5 Rxa4 33. Nxd6 Re5 34. Nxb7 Rh4 35. g6 a4 36. gxf7+ Kxf7 37. c4 Rhxh5 38. c5 Nf6 39. c6 1-0

[Event "ISR-chT"]
[Site "Israel"]
[Date "2023.02.03"]
[Round "5.3"]
[White "Smirin, Ilia"]
[Black "Parkhov, Yair"]
[Result "1-0"]
[WhiteElo "2596"]
[BlackElo "2467"]
[PlyCount "175"]
[EventDate "2023.01.11"]
[EventType "team-tourn"]
[EventRounds "11"]
[EventCountry "ISR"]
[SourceTitle "EXT 2024"]
[Source "ChessBase"]
[SourceDate "2023.10.10"]
[SourceVersion "1"]
[SourceVersionDate "2023.10.10"]
[SourceQuality "1"]
[WhiteTeam "Ashdod"]
[BlackTeam "Rehovot"]
[WhiteTeamCountry "ISR"]
[BlackTeamCountry "ISR"]

1. Nf3 d5 2. g3 g6 3. Bg2 Bg7 4. 0-0 e5 5. d3 Ne7 6. e4 0-0 7. Nbd2 Nbc6 8. c3 a5 9. a4 h6 10. b3 d4 11. cxd4 Nxd4 12. Nxd4 Qxd4 13. Ba3 Re8 14. Nc4 Nc6 15. Ne3 Be6 16. Nd5 Bxd5 17. exd5 Nb4 18. Rc1 Qb6 19. h4 h5 20. Bxb4 axb4 21. Rc4 Bf8 22. g4 hxg4 23. Qxg4 f5 24. Qh3 Re7 25. d6 Qxd6 26. Bxb7 Rd8 27. a5 c5 28. a6 Qb6 29. Ra1 Bg7 30. Ra2 Red7 31. Qe3 f4 32. Qe4 Qa7 33. Qc6 Kh7 34. h5 gxh5 35. Ra5 Bf8 36. Qf3 Qb6 37. Be4+ Kg8 38. Ra1 Rg7+ 39. Kf1 Ra7 40. Qxh5 Bg7 41. Rac1 Rxa6 42. Rxc5 Qh6 43. Qf3 Rad6 44. Rb5 Rb6 45. Rxb6 Qxb6 46. Rc6 Qd4 47. Qh5 Qd7 48. Rb6 Qf7 49. Qg5 Rc8 50. Rb7 Qf6 51. Qg4 Rf8 52. Rxb4 f3 53. Rb7 Qh6 54. Bxf3 Kh8 55. Be4 Rf4 56. Rb8+ Bf8 57. Qg3 Qh5 58. Ke1 Qh6 59. Rc8 Qh5 60. b4 Rf6 61. b5 Qh6 62. Qxe5 Qg7 63. Qg3 Qh6 64. Rc6 Bb4+ 65. Kf1 Bd6 66. Qg4 Qh2 67. Bf5 Qh6 68. Qh3 Qxh3+ 69. Bxh3 Kg7 70. b6 Be5 71. Rxf6 Kxf6 72. b7 Bb8 73. Ke2 Ke5 74. Kf3 Bc7 75. Kg4 Kf6 76. d4 Bb8 77. Kf3 Bh2 78. Ke4 Kg5 79. Kd5 Kf6 80. Kc6 Ke7 81. Kb6 Bb8 82. f4 Kf6 83. f5 Ke7 84. Kc6 Ba7 85. Kc7 Bxd4 86. b8Q Be5+ 87. Kc8 Bxb8 88. Kxb8 1-0

[Event "ISR-chT"]
[Site "Israel"]
[Date "2023.01.21"]
[Round "4.3"]
[White "Smirin, Ilia"]
[Black "Postny, Evgeny"]
[Result "1/2-1/2"]
[WhiteElo "2596"]
[BlackElo "2556"]
[PlyCount "46"]
[EventDate "2023.01.11"]
[EventType "team-tourn"]
[EventRounds "11"]
[EventCountry "ISR"]
[SourceTitle "CBM 212 Extra"]
[Source "ChessBase"]
[SourceDate "2023.03.31"]
[SourceVersion "1"]
[SourceVersionDate "2023.03.31"]
[SourceQuality "1"]
[WhiteTeam "Ashdod"]
[BlackTeam "Beer Sheva"]
[WhiteTeamCountry "ISR"]
[BlackTeamCountry "ISR"]

1. e4 e5 2. Nf3 Nc6 3. Bb5 Nf6 4. d3 Bc5 5. Bxc6 dxc6 6. Nbd2 Nd7 7. Nc4 f6 8. c3 0-0 9. 0-0 Re8 10. d4 exd4 11. cxd4 Bf8 12. Re1 Nb6 13. Na5 Kh8 14. Bd2 Rb8 15. h3 Be6 16. Qc2 Qd7 17. Re3 Qf7 18. Rc1 Qh5 19. Rce1 Bd6 20. b3 Bf4 21. Rd3 Bd6 22. Rde3 Bf4 23. Rd3 Bd6 1/2-1/2

[Event "Rilton Cup 50th"]
[Site "Stockholm"]
[Date "2023.01.05"]
[Round "9"]
[White "Vestby Ellingsen, Mads"]
[Black "Smirin, Ilia"]
[Result "0-1"]
[WhiteElo "2389"]
[BlackElo "2596"]
[PlyCount "106"]
[EventDate "2022.12.27"]
[EventType "swiss"]
[EventRounds "9"]
[EventCountry "SWE"]
[SourceTitle "CBM 212 Extra"]
[Source "ChessBase"]
[SourceDate "2023.03.31"]
[SourceVersion "1"]
[SourceVersionDate "2023.03.31"]
[SourceQuality "1"]

1. d4 d6 2. e4 Nf6 3. Nc3 g6 4. Be3 c6 5. Qd2 Nbd7 6. Nf3 b5 7. e5 b4 8. exf6 bxc3 9. Qxc3 Nxf6 10. Qxc6+ Bd7 11. Qa6 Rb8 12. b3 Qc7 13. c4 Nd5 14. Bd2 Nb4 15. Bxb4 Rxb4 16. Qa3 a5 17. Qc1 Bg7 18. Be2 0-0 19. 0-0 a4 20. Qe3 Rfb8 21. bxa4 Bxa4 22. Rfe1 e5 23. dxe5 dxe5 24. Rac1 Re8 25. Nd2 e4 26. a3 Rbb8 27. c5 Rbd8 28. Nc4 Bd4 29. Qg3 Qxc5 30. Nb2 Bc2 31. Nc4 e3 32. f4 Be4 33. Ne5 Qxa3 34. Rc7 Qa5 35. Rec1 Rxe5 36. fxe5 Bxe5 37. Qh4 Bxc7 38. Qxe4 Rd2 39. Qc4 Kg7 40. Rf1 f5 41. Rb1 h5 42. Rb7 Rd7 43. g3 h4 44. Kg2 hxg3 45. hxg3 Qe5 46. Qf4 Qc5 47. Qc4 Qe5 48. Qf4 Qd5+ 49. Qf3 Qd2 50. Ra7 Re7 51. Rb7 Qe1 52. Rb2 g5 53. Qxf5 Qxg3+ 0-1

[Event "Rilton Cup 50th"]
[Site "Stockholm"]
[Date "2022.12.30"]
[Round "4"]
[White "Smirin, Ilia"]
[Black "Akesson, Ralf"]
[Result "1-0"]
[WhiteElo "2596"]
[BlackElo "2404"]
[PlyCount "75"]
[EventDate "2022.12.27"]
[EventType "swiss"]
[EventRounds "9"]
[EventCountry "SWE"]
[SourceTitle "CBM 212 Extra"]
[Source "ChessBase"]
[SourceDate "2023.03.31"]
[SourceVersion "1"]
[SourceVersionDate "2023.03.31"]
[SourceQuality "1"]

1. e4 c5 2. Nf3 d6 3. d4 cxd4 4. Nxd4 Nf6 5. Nc3 a6 6. Be3 Ng4 7. Bg5 h6 8. Bc1 Nf6 9. Bd3 e5 10. Nde2 Nbd7 11. Ng3 g6 12. 0-0 Bg7 13. Be3 0-0 14. Be2 Nb6 15. Qd2 Kh7 16. Rfd1 Ne8 17. Bc5 Be6 18. Bxd6 Nxd6 19. Qxd6 Rc8 20. Qb4 Qc7 21. Nd5 Bxd5 22. exd5 f5 23. c4 e4 24. Rac1 Rfd8 25. d6 Qc6 26. c5 Nd7 27. Bc4 Nxc5 28. Be6 b6 29. Bxc8 Rxc8 30. h4 h5 31. Ne2 Rd8 32. d7 a5 33. Qb3 Qf6 34. Rxc5 bxc5 35. Nf4 e3 36. Qxe3 Qxh4 37. Ne6 Bd4 38. Qf3 1-0

[Event "Olympiad-44"]
[Site "Chennai"]
[Date "2022.08.07"]
[Round "9.2"]
[White "Fluvia Poyatos, Jordi"]
[Black "Smirin, Ilia"]
[Result "0-1"]
[WhiteElo "2451"]
[BlackElo "2601"]
[PlyCount "126"]
[EventDate "2022.07.29"]
[EventType "team-swiss"]
[EventRounds "11"]
[EventCountry "IND"]
[SourceTitle "CBM 210"]
[Source "ChessBase"]
[SourceDate "2022.10.31"]
[SourceVersion "1"]
[SourceVersionDate "2022.10.31"]
[SourceQuality "1"]
[WhiteTeam "Andorra"]
[BlackTeam "Israel"]
[WhiteTeamCountry "AND"]
[BlackTeamCountry "ISR"]

1. e4 c5 2. Nf3 Nc6 3. d4 cxd4 4. Nxd4 Qb6 5. Nb3 Nf6 6. Bd3 e6 7. c4 Ne5 8. 0-0 a6 9. Bf4 d6 10. c5 Qc7 11. Na3 Nfd7 12. cxd6 Bxd6 13. Rc1 Qb8 14. Bb1 0-0 15. Bg3 b5 16. f4 Bxa3 17. bxa3 Nc4 18. e5 f5 19. exf6 Nxf6 20. f5 e5 21. Nc5 Bb7 22. a4 Bxg2 23. Re1 Rd8 24. Qb3 Bd5 25. Qb4 Nh5 26. Be4 Nf6 27. Bxd5+ Nxd5 28. Qb3 Qb6 29. Bf2 Qf6 30. Ne6 Qxf5 31. Nxd8 Rxd8 32. Rcd1 Qg6+ 33. Qg3 Qc6 34. axb5 axb5 35. Qf3 h6 36. Qe4 Rd6 37. Rd3 Qd7 38. Red1 Nb2 39. Rxd5 Nxd1 40. Rxe5 Nxf2 41. Kxf2 Rd2+ 42. Kg3 Rxa2 43. Qd5+ Qxd5 44. Rxd5 Ra3+ 45. Kg4 Ra4+ 46. Kg3 Rb4 47. Rd7 Kh7 48. Rd6 h5 49. Rb6 g6 50. Rb7+ Kh6 51. h4 g5 52. Rb6+ Kg7 53. hxg5 Rg4+ 54. Kf3 Rxg5 55. Kf4 Rc5 56. Ke4 h4 57. Kf4 h3 58. Rb7+ Kf6 59. Rb6+ Ke7 60. Rh6 Rc3 61. Ke5 b4 62. Rh7+ Kf8 63. Ke6 b3 0-1

[Event "Olympiad-44"]
[Site "Chennai"]
[Date "2022.08.03"]
[Round "6.3"]
[White "Laylo, Darwin"]
[Black "Smirin, Ilia"]
[Result "1/2-1/2"]
[WhiteElo "2432"]
[BlackElo "2601"]
[PlyCount "66"]
[EventDate "2022.07.29"]
[EventType "team-swiss"]
[EventRounds "11"]
[EventCountry "IND"]
[SourceTitle "CBM 210"]
[Source "ChessBase"]
[SourceDate "2022.10.31"]
[SourceVersion "1"]
[SourceVersionDate "2022.10.31"]
[SourceQuality "1"]
[WhiteTeam "Philippines"]
[BlackTeam "Israel"]
[WhiteTeamCountry "PHI"]
[BlackTeamCountry "ISR"]

1. d4 d6 2. c4 e5 3. Nf3 e4 4. Ng5 f5 5. Nc3 Be7 6. Nh3 Nf6 7. g3 c6 8. d5 Nbd7 9. Bg2 Nb6 10. Qb3 Nfd7 11. 0-0 Ne5 12. f3 Nbxc4 13. fxe4 0-0 14. Bf4 Kh8 15. exf5 Bxf5 16. Qxb7 Na5 17. Qb4 Rb8 18. Qa4 Rxb2 19. dxc6 Bc2 20. Qd4 Naxc6 21. Qd2 Bf6 22. Nd5 Bf5 23. Qd1 Nd4 24. Nxf6 Nxe2+ 25. Kh1 Bxh3 26. Bxh3 Rxf6 27. Bg2 Nxf4 28. Rxf4 Re6 29. Qd5 Re8 30. Rd1 Rb6 31. a4 g6 32. Qd4 a5 33. Qc3 Rb8 1/2-1/2

[Event "Jesrusalem Maccabi"]
[Site "Jerusalem"]
[Date "2022.07.21"]
[Round "8"]
[White "Tzidkiya, Yeshaayahu"]
[Black "Smirin, Ilia"]
[Result "1-0"]
[WhiteElo "2419"]
[BlackElo "2601"]
[PlyCount "65"]
[EventDate "2022.07.13"]
[EventType "tourn"]
[EventRounds "9"]
[EventCountry "ISR"]
[EventCategory "10"]
[SourceTitle "CBM 209 Extra"]
[Source "ChessBase"]
[SourceDate "2022.09.30"]
[SourceVersion "1"]
[SourceVersionDate "2022.09.30"]
[SourceQuality "1"]

1. e4 c5 2. Nf3 e6 3. d4 cxd4 4. Nxd4 a6 5. Nc3 b5 6. g3 Bb7 7. Bg2 Nf6 8. 0-0 b4 9. Na4 Bxe4 10. Bxe4 Nxe4 11. c4 Nc5 12. Be3 Nxa4 13. Qxa4 Be7 14. c5 a5 15. Rac1 0-0 16. Rfd1 Qc8 17. Bf4 Bf6 18. Bd6 Rd8 19. Nb5 Bxb2 20. Rc2 Bf6 21. Bc7 Rf8 22. Bd6 Re8 23. Bxb8 Rxb8 24. Nd6 Qc6 25. Qxc6 dxc6 26. Nxe8 Rxe8 27. Rd7 Ra8 28. Rc7 a4 29. Rc4 Bd8 30. Rxc6 Ba5 31. Rd6 b3 32. Rxa4 b2 33. Rb6 1-0

[Event "Jesrusalem Maccabi"]
[Site "Jerusalem"]
[Date "2022.07.20"]
[Round "7"]
[White "Smirin, Ilia"]
[Black "Parkhov, Yair"]
[Result "1-0"]
[WhiteElo "2601"]
[BlackElo "2468"]
[PlyCount "81"]
[EventDate "2022.07.13"]
[EventType "tourn"]
[EventRounds "9"]
[EventCountry "ISR"]
[EventCategory "10"]
[SourceTitle "CBM 209 Extra"]
[Source "ChessBase"]
[SourceDate "2022.09.30"]
[SourceVersion "1"]
[SourceVersionDate "2022.09.30"]
[SourceQuality "1"]

1. c4 e6 2. g3 d5 3. Bg2 Nf6 4. Nf3 d4 5. 0-0 Nc6 6. d3 Bc5 7. e4 e5 8. Na3 h6 9. Nc2 0-0 10. a3 a5 11. b3 Bg4 12. Rb1 Qe7 13. Qd2 b6 14. Nh4 Bd6 15. f4 Bd7 16. Nf5 Bxf5 17. exf5 Qd7 18. fxe5 Bxe5 19. Qd1 Rae8 20. Qf3 Nd8 21. b4 axb4 22. axb4 c6 23. b5 c5 24. Ra1 Re7 25. g4 Rfe8 26. g5 hxg5 27. Bxg5 Qd6 28. Qh3 Nb7 29. Qh4 Na5 30. Rf3 Bxh2+ 31. Kh1 Re2 32. Rh3 Kf8 33. Rxh2 Nb3 34. Bxf6 Qxf6 35. Qxf6 gxf6 36. Rh8+ Kg7 37. Rxe8 Rxe8 38. Re1 Rh8+ 39. Kg1 Rh5 40. Be4 Nd2 41. Kg2 1-0

[Event "Jesrusalem Maccabi"]
[Site "Jerusalem"]
[Date "2022.07.17"]
[Round "4"]
[White "Postny, Evgeny"]
[Black "Smirin, Ilia"]
[Result "1/2-1/2"]
[WhiteElo "2564"]
[BlackElo "2601"]
[PlyCount "75"]
[EventDate "2022.07.13"]
[EventType "tourn"]
[EventRounds "9"]
[EventCountry "ISR"]
[EventCategory "10"]
[SourceTitle "CBM 209 Extra"]
[Source "ChessBase"]
[SourceDate "2022.09.30"]
[SourceVersion "1"]
[SourceVersionDate "2022.09.30"]
[SourceQuality "1"]

1. d4 Nf6 2. c4 g6 3. Nc3 Bg7 4. e4 d6 5. Be2 0-0 6. Be3 Nc6 7. Nf3 Ng4 8. Bg5 h6 9. Bh4 g5 10. Bg3 e5 11. d5 Nd4 12. Nxd4 exd4 13. Nb5 Nf6 14. f3 Nh5 15. Bf2 d3 16. Bxd3 Bxb2 17. Rb1 Be5 18. g3 Bg7 19. Nd4 c5 20. dxc6 bxc6 21. Nxc6 Bc3+ 22. Kf1 Bh3+ 23. Kg1 Qd7 24. Nd4 Ng7 25. Qc2 Ba5 26. Bf1 Bb6 27. g4 Bxf1 28. Kxf1 Rac8 29. Kg2 Ne6 30. Nxe6 Qxe6 31. Bxb6 Rxc4 32. Qd3 axb6 33. Rxb6 Ra8 34. Rxd6 Qc8 35. Kg3 Qc7 36. e5 Rxa2 37. Rd8+ Kg7 38. Qd6 1/2-1/2